02605nam a2200385 i 4500001000700000003000700007005001700014007000300031008004100034017005000075020001800125035001300143040002900156080002100185100003700206245012300243250002800366264003800394300002600432336002200458337003000480338002400510490003200534500001300566520120000579655003001779700003001809700004101839830003301880852011201913903003202025942001802057999001902075952012502094193251SpMaBN20240828063033.0ta210728s2021 sp | |||| 000 p spa  aM 18945-2021bOficina Depósito Legal Madrid a9788418888014 aa6916481 aSpMaBNbspacSpMaBNerda a821.134.2-14"19"1 aNistal, Gloria4auteaut923431010aMás de diez años sin lágrimas /cGloria Nistal ; prólogo de Flori Tapia ; epílogo de Adelaida Porras Medrano aPrimera edición: 2021 1aMadrid :bSial Pigmalión,c2021 a90 páginas ;c21 cm aTexto2rdacontent asin mediación2rdamedia avolumen2rdacarrier0 aPigmalión poesía ;v119 aÍndice aEste poemario es un diario de emociones íntimas elaborado en tiempos difíciles, más por desacostumbrados que por terribles, que también lo son. Abarca temas absolutamente actuales que sin embargo ya son históricos: la pandemia, el conflicto entre Israel y Palestina o la gran nevada en Madrid, sin pasar por alto sus propias batallas personales, esas que vive desde su eterna adolescencia tan lejos de la realidad inventada de su fecha de nacimiento. Están aquí todos los viajes que no pudo hacer el año que se paralizó el mundo. Esos otros viajes de introspección para los que nunca tenía tiempo, los que aclaran la mirada y oscurecen el anhelo de una libertad que ya no será la misma, porque ya no somos los mismos. Flori Tapia Siempre hay un final de esperanza, por muy desgarrador que resulte el contenido del poema. Y creo que este es uno de los mensajes esenciales de Más de diez años sin lágrimas, que resulta inseparable, a su vez, de dos conceptos fundamentales: la fraternidad, lazo invisible pero firme que une a la poeta con cada ser sufriente, y la resiliencia, capaz de conjurar, al menos parcialmente, la opacidad del dolor. Adelaida Porras Medrano 7aPoesías2tgfbne91765391 9234381aTapia, Florieaui1 aPorras Medrano, Adelaida993154eaft 9225371aPoesía Pigmalión aES-MaACLb154648cDEPOJ9200681hDonación: Gloria Nistal jN-9419xEncuadernación rústica con solapas aNistal, Gloriaednr9234310 n0cMONOGRAFIA c193251d193251 00102udc4070aATENEOMbATENEOMcDEPOJd2023-10-23eDONACIONj1l0oN-9419p101205969r2023-10-23 00:00:00yMONOGRAFIA